|
|
|
|
| LEADER |
01562nam a22003494a 4500 |
| 001 |
45751 |
| 003 |
BD-DhAAL |
| 005 |
20260512110507.0 |
| 008 |
260512t2003 nyu 001 0deng |
| 010 |
|
|
|a 2002073412
|
| 020 |
|
|
|a 0231126107
|
| 020 |
|
|
|a 9780231126106
|
| 020 |
|
|
|a 9780231126113
|
| 035 |
|
|
|a 12794621
|
| 040 |
|
|
|a DLC
|c DLC
|d DLC
|d BD-DhAAL
|
| 042 |
|
|
|a pcc
|
| 043 |
|
|
|a a-ja---
|
| 050 |
0 |
0 |
|a PL747.65
|b .K44 2003
|
| 082 |
0 |
0 |
|a 895.634409
|2 21
|
| 100 |
1 |
|
|a Keene, Donald.
|9 60607
|
| 245 |
1 |
0 |
|a Five modern Japanese novelists /
|c Donald Keene.
|
| 260 |
|
|
|a New York :
|b Columbia University Press,
|c c2003.
|
| 300 |
|
|
|a ix, 113 pages ;
|c 24 cm
|
| 504 |
|
|
|a Includes bibliographical references and index.
|
| 526 |
8 |
|
|a AAL
|
| 541 |
1 |
|
|a Donated by Embassy of Japan in Bangladesh, Read Japan Project 2025, The Tokyo Foundation, supported by The Nippon Foundation
|e 45751
|
| 650 |
|
0 |
|a Japanese fiction
|y 20th century
|x History and criticism.
|9 60654
|
| 650 |
|
0 |
|a Authors, Japanese
|y 20th century.
|9 60655
|
| 852 |
1 |
|
|a Ayesha Abed Library
|c General Stacks
|
| 942 |
|
|
|2 ddc
|c BK
|
| 999 |
|
|
|c 47926
|d 47926
|
| 952 |
|
|
|0 0
|1 0
|2 ddc
|4 0
|6 895_634409000000000_KEE
|7 0
|9 79183
|a BRACUL
|b BRACUL
|d 2026-05-12
|e Donated by Embassy of Japan in Bangladesh, Read Japan Project 2025, The Tokyo Foundation, supported by The Nippon Foundation.
|l 0
|o 895.634409 KEE
|p 3010045751
|r 2026-05-12
|t 1
|w 2026-05-12
|y BK
|x Donated copy received from Embassy of Japan in Bangladesh, Read Japan Project 2025, The Tokyo Foundation, supported by The Nippon Foundation on 08 April 2026; $27.00
|